| 000 | 00610nam a2200217 a 4500 | ||
|---|---|---|---|
| 001 | BRCA_7758 | ||
| 005 | 20190320205959.0 | ||
| 008 | 120913s1956----it-a######---#000-0#ita-# | ||
| 041 | _aita | ||
| 044 | _ait | ||
| 050 | 4 |
_aND813.T4 _b.P35 1956 |
|
| 100 | 1 |
_aPallucchini, Rodolfo _919201 |
|
| 245 | 1 | 0 |
_aIl Greco _ctesto di Rodolfo Pallucchini. |
| 260 |
_aMilán _bA. Martello _c1956 |
||
| 300 |
_a58 p. _bil. a color, 20 láminas _c20 cm. |
||
| 500 | _aU112 | ||
| 600 | 1 | 4 |
_aTheotocopulli, Dominico _cllamado El Greco _dm. 1614 _919202 |
| 650 | 1 | 4 |
_aPintores españoles _97620 |
| 902 | _aGFM | ||
| 942 |
_2lcc _cB |
||
| 999 |
_c7432 _d7432 |
||